| 000 | 00555nam a22001937a 4500 | ||
|---|---|---|---|
| 003 | OSt | ||
| 005 | 20160701165632.0 | ||
| 008 | 160701b xxu||||| |||| 00| 0 eng d | ||
| 020 | _a9781849290326 | ||
| 040 | _cDNLM. | ||
| 082 | _aWA525S692d 2011 | ||
| 100 |
_aJones,Tom; _99905 |
||
| 245 |
_aDeveloping E-Health; _bA CommonWealth Workbook of Methodologies,Content and Models. |
||
| 260 |
_aUK. _bCommonWealth secretariate. _c2011. |
||
| 300 |
_avi,66p; _bill; _c25cm. |
||
| 504 | _aincludes references, | ||
| 650 |
_aE-Health. _99906 |
||
| 942 |
_2z _cO_SHELF |
||
| 999 |
_c4605 _d4605 |
||